| 000 | 01737cam a2200301 a 4500 | ||
|---|---|---|---|
| 001 | 2305 | ||
| 005 | 20231115143441.0 | ||
| 020 | _a0876148917 | ||
| 020 | _a087614959X | ||
| 020 | _a9780876149591 | ||
| 040 |
_aDLC _cDLC _dDLC _bemg |
||
| 050 | 0 | 0 |
_aF128.47 _b.W49 1996 |
| 082 | 0 | 0 |
_a974.7/275 _220 |
| 100 | 1 | _aWetterer, Margaret K. | |
| 245 | 1 | 4 |
_aThe snow walker / _cby Margaret K. and Charles M. Wetterer ;illustrations by Mary O'Keefe Young. |
| 260 |
_aMinneapolis : _bMillbrook Books, _c1996 |
||
| 300 |
_a48 pages : _billustrations _c21 cm |
||
| 505 | _aP | ||
| 520 | _aOne morning in March 1888, twelve-year-old Milton Daub awoke to find the world buried in snow. The blizzard was like nothing Milton and his neighbors in the Bronx had ever seen. No one dared go out into the storm. No one, that is, except Milton. He and his father made a pair of snowshoes from barrel hoops and old roller skates. Then Milton stepped bravely into the storm to buy milk for his family. Soon he was buying supplies for everyone in the area. His neighbors declared him a hero. The Blizzard of 1888 set records in the Northeast that are still unbroken. It forced whole cities to shut down for days. But Milton didn't let the snow stop him from helping neighbors in need. His true story is both an exciting adventure and a heartwarming glimpse of old New York. | ||
| 521 |
_a630 _bLexile |
||
| 521 |
_aP _bRaz-Plus |
||
| 650 | 0 |
_aBlizzards _zNew York (State) _zNew York _xHistory _y19th century _vJuvenile literature. |
|
| 650 | 1 |
_aBlizzards _zNew York (State) _zNew York. |
|
| 700 | 1 |
_aWetterer, Charles M. _eCoauthor |
|
| 700 | 1 |
_aYoung, Mary O'Keefe, _eillustrator |
|
| 906 |
_a7 _bcbc _corignew _d1 _eocip _f19 _gy-gencatlg |
||
| 942 |
_2ddc _cBK _n0 |
||
| 999 |
_c2305 _d2305 |
||